| 000 | 00876nam a2200241 4500 | ||
|---|---|---|---|
| 005 | 20160610121840.0 | ||
| 008 | 140314t1993 sz a||||r|||| 00| 0 fre d | ||
| 020 | _a2825704520 | ||
| 040 |
_aCO-BoIAVH _cCO-BoIAVH |
||
| 041 | 0 | _afre | |
| 044 | _asz | ||
| 082 | 0 | 4 |
_a333.70681 _bP64e |
| 100 | 1 |
_aPillet, Gonzague _eautor |
|
| 245 | 1 | 0 |
_aÉconomie écologique : _bintroduction à I'économie de I'environnment et des ressources naturelles / _cGonzague Pillet |
| 260 |
_aGeneve (Suiza) : _bGeorg Editeur, _c1993. |
||
| 300 |
_a223 páginas : _bilustraciones ; _c23 x 16 cm. |
||
| 504 | _aIncluye referencias bibliográficas. | ||
| 650 | 1 | 6 | _aEconomía medioambiental |
| 650 | 2 | 6 |
_aPolución _xAspectos económicos |
| 650 | 2 | 6 |
_aRecursos naturales _xAspectos económicos |
| 650 | 2 | 6 |
_aEcología _xAspectos económicos |
| 942 |
_cLIBRO _2ddc |
||
| 999 |
_c4281 _d4281 |
||